000 01288nam a22002297a 4500
003 OSt
005 20210320105127.0
008 210320s2016 ck a|||gr|||| 00| 0 spa d
020 _a9789585876491
040 _aCO-JMCR
_cCO-JMCR
041 0 _aspa
082 0 4 _b363.34609861 /
_aP964c
_223
110 1 _aColombia.
_bProcuraduría General de la Nación
_936379
245 1 0 _aConstruyendo territorios seguros:
_bla gestión del riesgo de desastres /
_cProcuraduría General de la Nación
260 _a[Bogotá] :
_bProcuraduría General de la Nación,
_c2016
300 _a44,48 páginas :
_bilustraciones a color ;
_c27 cm.
501 _aCon: El servicio público esencial de bomberos en Colombia
505 0 _a¿En qué consiste la gestión del riesgo de desastres? -- ¿Cómo se organiza la gestión del riesgo en el país? -- El sistema de gestión del riesgo de desastres en las entidades territoriales -- Planes territoriales de gestión del riesgo de desastres -- Fondos territoriales de gestión del riesgo de desastres -- ¿Quién es el encargado de la gestión del riesgo de desastres en las entidades territoriales -- ¿Qué hacer si ocurre un desastre?
650 1 4 _aGestión de emergencias
_zColombia
_913000
650 1 4 _aBomberos
_zColombia
_936380
942 _2ddc
_cBK
999 _c15450
_d15450